Teddy preescritura / (Record no. 126074)

MARC details
000 -CABECERA
campo de control de longitud fija 00666nam a2200229 a 4500
005 - FECHA Y HORA DE LA ÚLTIMA TRANSACCIÓN
campo de control 20260108064004.0
008 - ELEMENTOS DE LONGITUD FIJA--INFORMACIÓN GENERAL
campo de control de longitud fija 080130m19992005mx r 000 0 spa d
020 ## - NÚMERO INTERNACIONAL NORMALIZADO PARA LIBROS
Número Internacional Estándar del Libro 9686986146 (v.1)
020 ## - NÚMERO INTERNACIONAL NORMALIZADO PARA LIBROS
Número Internacional Estándar del Libro 9686986154 (v.2)
020 ## - NÚMERO INTERNACIONAL NORMALIZADO PARA LIBROS
Número Internacional Estándar del Libro 9686986162 (v.3)
020 ## - NÚMERO INTERNACIONAL NORMALIZADO PARA LIBROS
Número Internacional Estándar del Libro 9686986170 (v.4)
035 ## - NÚMERO DE CONTROL DEL SISTEMA
Número de control de sistema UPN01000153953
049 ## - COLECCIÓN
Colección I
050 #4 - SIGNATURA TOPOGRÁFICA DE LA BIBLIOTECA DEL CONGRESO
Número de clasificación LB1733
Número de documento/Ítem M8.7
100 1# - ASIENTO PRINCIPAL--NOMBRE PERSONAL
Nombre de persona Muñiz de Ortiz, Rosario
9 (RLIN) 30750
245 10 - MENCIÓN DE TÍTULO
Título Teddy preescritura /
Mención de responsabilidad, etc. Rosario Muñiz de Ortiz.
260 ## - PUBLICACIÓN, DISTRIBUCIÓN, ETC.
Lugar de publicación, distribución, etc. México :
Nombre del editor, distribuidor, etc. Avante,
Fecha de publicación, distribución, etc. 1999 (2005 impr.).
300 ## - DESCRIPCIÓN FÍSICA
Extensión 4 v.
650 #4 - ASIENTO SECUNDARIO DE MATERIA - TERMINO TEMATICO
Término de materia o nombre geográfico como elemento de entrada Escritura
Subdivisión general Estudio y enseñanza (Preescolar)
9 (RLIN) 1523
650 #4 - ASIENTO SECUNDARIO DE MATERIA - TERMINO TEMATICO
Término de materia o nombre geográfico como elemento de entrada Libros de texto
9 (RLIN) 4427
905 ## - TIPO DE MATERIAL
Tipo de material Infantil
Holdings
Estado de retiro Estado de pérdida Fuente del sistema de clasificación o colocación Estado dañado No para préstamo Código de colección Localización permanente Ubicación/localización actual Ubicación en estantería Fecha de adquisición Total de préstamos Clasificación Código de barras Fecha visto por última vez Fecha del último préstamo Número de copia Tipo de ítem Koha
    Library of Congress Classification   En proceso de revisión Infantil Bib. Gregorio Torres Quintero Bib. Gregorio Torres Quintero Sala infantil Planta baja 18/10/2022 8 LB1733 M8.7 249648 03/11/2022 18/10/2022 1 Libro
    Library of Congress Classification   En proceso de revisión Infantil Bib. Gregorio Torres Quintero Bib. Gregorio Torres Quintero Sala infantil Planta baja 13/10/2022 10 LB1733 M8.7 249649 24/10/2022 13/10/2022 1 Libro
    Library of Congress Classification   En proceso de revisión Infantil Bib. Gregorio Torres Quintero Bib. Gregorio Torres Quintero Sala infantil Planta baja 16/11/2022 6 LB1733 M8.7 249653 03/05/2023 17/04/2023 1 Libro
    Library of Congress Classification     Infantil Bib. Gregorio Torres Quintero Bib. Gregorio Torres Quintero Sala infantil Planta baja   11 LB1733 M8.7 249652 31/12/2020   1 Libro
    Library of Congress Classification   En proceso de revisión Infantil Bib. Gregorio Torres Quintero Bib. Gregorio Torres Quintero Sala infantil Planta baja 04/10/2022 6 LB1733 M8.7 249647 18/10/2022 04/10/2022 1 Libro
    Library of Congress Classification   En proceso de revisión Infantil Bib. Gregorio Torres Quintero Bib. Gregorio Torres Quintero Sala infantil Planta baja 16/11/2022 10 LB1733 M8.7 249651 02/05/2023 20/04/2023 1 Libro
    Library of Congress Classification     Infantil Bib. Gregorio Torres Quintero Bib. Gregorio Torres Quintero Sala infantil Planta baja   4 LB1733 M8.7 249650 31/12/2020   1 Libro
    Library of Congress Classification   En proceso de revisión Infantil Bib. Gregorio Torres Quintero Bib. Gregorio Torres Quintero Sala infantil Planta baja 07/04/2022 16 LB1733 M8.7 249646 02/05/2023 20/04/2023 1 Libro